History Quiz

Random History or Blitz Quiz
Score 0/5 Timer 01:00
0 Plays Today
Years Country % Correct
1903-1979United States
97.8%
1502-1821Spain
97.1%
1903-presentPanama
92.4%
1698-1700Scotland
84%
1821-1903Colombia
72.9%

You're not logged in!

Compare scores with friends on all Sporcle quizzes.
OR
Log In

From the Vault

Irish-English Name Dictionary

by nightfloat

We wonder what Sporcle would be called in Irish?
Remove Ads.
Support Sporcle.
Get the best of Sporcle when you Go Orange. This ad-free experience offers more features, more stats, and more fun while also helping to support Sporcle. Thank you for becoming a member.

Show Comments

Extras

Top Quizzes Today


Score Distribution

Your Account Isn't Verified!

In order to create a playlist on Sporcle, you need to verify the email address you used during registration. Go to your Sporcle Settings to finish the process.

Report this User

Report this user for behavior that violates our Community Guidelines.

Details: